000 00840nam a2200205 a 4500
003 0
005 20250412100913.0
008 970101s19uu xx 00 eng d
050 _aPGS SF 433
_b.L425 2004
100 _aLaxa, Andrew Cardino.
245 _aThe effects of having a dog as a pet on the Grade 7 students of Southville International School and Colleges /
_cAndrew Cardino Laxa.
260 _aLas PiƱas City, Philippines :
_bSouthville International School and Colleges,
_c2004.
300 _a21 pages :
_billustrations ;
_c28 cm.
504 _aIncludes bibliographical references.
650 _aDogs
_vPsychological effect on children.
650 _aPet ownership
_vEffect on Grade 7 students.
650 _aChildren and animals
_vSocial and emotional effects.
650 _aPets
_vPsychological aspects
942 _2lcc
_cPASS
999 _c97010
_d97010